Mitos, leyendas y supersticiones de la raza Antioquena (Registro nro. 964)

Detalles MARC
001 - NÚMERO DE CONTROL
campo de control 1325
003 - IDENTIFICADOR DEL NÚMERO DE CONTROL
campo de control CO-MdUADB
005 - FECHA Y HORA DE LA ÚLTIMA TRANSACCIÓN
campo de control 20260428103505.0
008 - DATOS DE LONGITUD FIJA--INFORMACIÓN GENERAL
campo de control de longitud fija 950404s1991 spa
035 ## - NÚMERO DE CONTROL DEL SISTEMA
Número de control de sistema 1325
035 ## - NÚMERO DE CONTROL DEL SISTEMA
Número de control de sistema (OCoLC)777973634
040 ## - FUENTE DE LA CATALOGACIÓN
Centro/agencia transcriptor comduadb
041 ## - CÓDIGO DE LENGUA
Código de lengua del texto/banda sonora o título independiente spa
082 #4 - NÚMERO DE LA CLASIFICACIÓN DECIMAL DEWEY
Número de clasificación 398
100 10 - ENTRADA PRINCIPAL--NOMBRE DE PERSONA
Nombre de persona Duque Restrepo, José Ignacio
Código de función aut
Término indicativo de función/relación Autor/a
9 (RLIN) 390606
245 10 - MENCIÓN DE TÍTULO
Título Mitos, leyendas y supersticiones de la raza Antioquena
250 ## - MENCIÓN DE EDICIÓN
Mención de edición 4.ed.
260 ## - PUBLICACIÓN, DISTRIBUCIÓN, ETC.
Lugar de publicación, distribución, etc. Medellín,
Fecha de publicación, distribución, etc. 1991.
300 ## - DESCRIPCIÓN FÍSICA
Extensión 189 páginas
650 #7 - PUNTO DE ACCESO ADICIONAL DE MATERIA--TÉRMINO DE MATERIA
Término de materia o nombre geográfico como elemento de entrada Leyendas
Subdivisión geográfica Antioquia (Colombia)
Fuente del encabezamiento o término lemb
9 (RLIN) 37300
650 ## - PUNTO DE ACCESO ADICIONAL DE MATERIA--TÉRMINO DE MATERIA
Término de materia o nombre geográfico como elemento de entrada Literatura folclórica - Antioquia
9 (RLIN) 4771
650 ## - PUNTO DE ACCESO ADICIONAL DE MATERIA--TÉRMINO DE MATERIA
Término de materia o nombre geográfico como elemento de entrada Mitología antioqueña
9 (RLIN) 60752
942 ## - ELEMENTOS DE ENTRADA AGREGADA (KOHA)
Tipo de ítem Koha Libros
Fuente del sistema de clasificación o colocación Clasificación Decimal Dewey
Existencias
Estado de retiro Estado de pérdida Estado dañado No para préstamo Código de colección Localización permanente Ubicación/localización actual Fecha de adquisición Fuente de adquisición Número de inventario Total de préstamos Signatura topográfica completa Código de barras Fecha visto por última vez Número de copia Precio válido a partir de Tipo de ítem Koha
        Colección Antioquia 4to piso Biblioteca Carlos Gaviria Díaz, Campus Medellín Biblioteca Carlos Gaviria Díaz, Campus Medellín 14/11/1996 Material adquirido por donación C1520   398.20986126 D946 61000000677787 20/04/2023 1 20/04/2023 Libros - Reserva